[Event "Rottach Egern Seniors Cup 10th"]
[Site "Rottach Egern"]
[Date "2022.04.02"]
[Round "8"]
[White "Mueller, Erich"]
[Black "Harsch, Martin"]
[Result "1-0"]
[WhiteElo "2138"]
[BlackElo "1908"]
[PlyCount "155"]
[EventDate "2022.03.26"]
[EventType "swiss"]
[EventRounds "9"]
[EventCountry "GER"]
[SourceTitle "CBM 207 Extra"]
[Source "ChessBase"]
[SourceDate "2022.05.31"]
[SourceVersion "1"]
[SourceVersionDate "2022.05.31"]
[SourceQuality "1"]

1. e4 c6 2. f4 d5 3. e5 Bf5 4. Nf3 e6 5. c3 Be7 6. d3 h5 7. Be3 Nh6 8. Qb3 Qc7 9. Na3 Nd7 10. Be2 Bg4 11. 0-0 Nf5 12. Bf2 h4 13. Nc2 Nc5 14. Bxc5 Bxc5+ 15. d4 Be7 16. Rae1 Bxf3 17. Bxf3 Qb6 18. Bg4 Nh6 19. Be2 Qxb3 20. axb3 g6 21. b4 a6 22. Bd3 Nf5 23. Ra1 0-0-0 24. b3 Kc7 25. Rfd1 Ng7 26. Be2 Nf5 27. Bg4 Nh6 28. Bh3 Rhg8 29. Rf1 Rg7 30. Ne3 Rh7 31. Ra2 Rhh8 32. Bg4 Rh7 33. Rf3 Kc8 34. Rh3 Kc7 35. Rd2 Kc8 36. Kf2 Kc7 37. Kf3 Kc8 38. g3 Rdh8 39. gxh4 Nxg4 40. Nxg4 Rxh4 41. Rxh4 Rxh4 42. Kg3 Rh8 43. Ne3 Kd7 44. Nc2 Bh4+ 45. Kg4 Be7 46. h3 Rh4+ 47. Kg3 Rh6 48. Ne3 Rh5 49. Ng2 Ke8 50. h4 Kd7 51. Kg4 Ke8 52. Rd3 Kd7 53. Rh3 Rh8 54. Ne3 Ra8 55. Rh1 Rh8 56. Nf1 Ke8 57. Ng3 Rg8 58. Kf3 Kd8 59. h5 gxh5 60. Rxh5 Kd7 61. Rh7 Ke8 62. f5 Kf8 63. fxe6 fxe6 64. Ne2 Rg7 65. Rh8+ Rg8 66. Rh6 Kf7 67. Nf4 Rg1 68. Rh7+ Ke8 69. Ke2 Rg3 70. Nd3 Rg2+ 71. Kd1 Bg5 72. Nc5 Rd2+ 73. Ke1 Rc2 74. Nxe6 Be3 75. Rxb7 Rxc3 76. Ng7+ Kd8 77. e6 Bg5 78. Nf5 1-0

[Event "Bad Woerishofen Seniors op 36th"]
[Site "Bad Woerishofen"]
[Date "2020.03.13"]
[Round "9"]
[White "Harsch, Martin"]
[Black "Speicher, Franz"]
[Result "0-1"]
[WhiteElo "1944"]
[BlackElo "1869"]
[PlyCount "36"]
[EventDate "2020.03.05"]
[EventType "swiss"]
[EventRounds "9"]
[EventCountry "GER"]
[SourceTitle "CBM 195 Extra"]
[Source "ChessBase"]
[SourceDate "2020.05.31"]
[SourceVersion "1"]
[SourceVersionDate "2020.05.31"]
[SourceQuality "1"]

1. e4 c6 2. Nf3 d5 3. Nc3 Bg4 4. h3 Bxf3 5. Qxf3 Nf6 6. e5 Nfd7 7. d4 e6 8. Ne2 c5 9. c3 Nc6 10. a3 Qb6 11. Qd3 cxd4 12. cxd4 Na5 13. b4 Nc4 14. Nc3 Rc8 15. Be2 Qc6 16. Bd2 Nxd2 17. Kxd2 Be7 18. Rhc1 Bg5+ 0-1

[Event "Bad Woerishofen Seniors op 32nd"]
[Site "Bad Woerishofen"]
[Date "2016.02.29"]
[Round "4"]
[White "Harsch, Martin"]
[Black "Young, Melvyn Jack"]
[Result "1/2-1/2"]
[WhiteElo "2029"]
[BlackElo "1912"]
[PlyCount "47"]
[EventDate "2016.02.26"]
[EventType "swiss"]
[EventRounds "9"]
[EventCountry "GER"]
[SourceTitle "EXT 2019"]
[Source "ChessBase"]
[SourceDate "2018.10.10"]
[SourceVersion "1"]
[SourceVersionDate "2018.10.10"]
[SourceQuality "1"]

1. e4 c5 2. Nf3 d6 3. Bb5+ Nc6 4. 0-0 Bd7 5. Re1 Nf6 6. c3 e6 7. d4 cxd4 8. cxd4 Qc7 9. Nc3 a6 10. Bd3 Be7 11. Bd2 0-0 12. Rc1 Qd8 13. Bf4 Nh5 14. Be3 Nf6 15. Bb1 Rc8 16. h3 Qa5 17. d5 exd5 18. Nxd5 Nxd5 19. exd5 Ne5 20. Nxe5 dxe5 21. Qh5 f5 22. Red1 g6 23. Qe2 Bd6 24. f3 1/2-1/2

[Event "Bad Woerishofen Seniors op 30th"]
[Site "Bad Woerishofen"]
[Date "2014.03.21"]
[Round "1"]
[White "Eigenmann, Christina"]
[Black "Harsch, Martin"]
[Result "0-1"]
[WhiteElo "1809"]
[BlackElo "2013"]
[PlyCount "52"]
[EventDate "2014.03.21"]
[EventType "swiss"]
[EventRounds "9"]
[EventCountry "GER"]
[SourceTitle "EXT 2019"]
[Source "ChessBase"]
[SourceDate "2018.10.10"]
[SourceVersion "1"]
[SourceVersionDate "2018.10.10"]
[SourceQuality "1"]

1. d4 d5 2. c4 c6 3. Nc3 Nf6 4. Nf3 a6 5. Bf4 dxc4 6. b3 cxb3 7. axb3 Bf5 8. e3 e6 9. Bd3 Bb4 10. Rc1 Qa5 11. 0-0 Bxc3 12. Bxf5 exf5 13. Ne5 Bb4 14. Qf3 Qd5 15. Qd1 0-0 16. Qc2 g6 17. f3 Nbd7 18. Qf2 Rfe8 19. Qh4 Bf8 20. g4 fxg4 21. fxg4 Bg7 22. Rc2 Ne4 23. Nxd7 Qxd7 24. Rf3 f6 25. Rh3 Bf8 26. g5 fxg5 0-1

[Event "Bad Woerishofen op 28th"]
[Site "Bad Woerishofen"]
[Date "2012.03.06"]
[Round "5"]
[White "Harsch, Martin"]
[Black "Tennstedt, Andreas"]
[Result "0-1"]
[WhiteElo "2017"]
[BlackElo "2186"]
[PlyCount "68"]
[EventDate "2012.03.02"]
[EventType "swiss"]
[EventRounds "9"]
[EventCountry "GER"]
[SourceTitle "EXT 2019"]
[Source "ChessBase"]
[SourceDate "2018.10.10"]
[SourceVersion "1"]
[SourceVersionDate "2018.10.10"]
[SourceQuality "1"]

1. e4 c5 2. Nf3 Nc6 3. Bb5 g6 4. Bxc6 bxc6 5. d3 Bg7 6. 0-0 Nh6 7. Nc3 f6 8. h3 Nf7 9. Bd2 0-0 10. Qe2 d6 11. Rae1 Qc7 12. b3 Bd7 13. Nh2 e5 14. Nd1 Rae8 15. Ne3 f5 16. f3 f4 17. Nd1 Bf6 18. Nf2 Ng5 19. b4 cxb4 20. Bxb4 c5 21. Bd2 Ne6 22. c3 Rb8 23. Bc1 Qa5 24. Qd2 Rb7 25. Kh1 Rfb8 26. Rg1 Bh4 27. Re2 Rb1 28. Nfg4 Ra1 29. Nh6+ Kf8 30. N2g4 Rbb1 31. g3 fxg3 32. Nf7 Kxf7 33. Qh6 Rxc1 34. Rxc1 Qxc3 0-1